| 000 | 00364nam a2200133Ia 4500 | ||
|---|---|---|---|
| 008 | 191201s1995 xx 000 0 und d | ||
| 100 | _aKLEIN, Werner | ||
| 245 | 0 | _aManual of Textile Technology Practical Guide to Combing and Drawing | |
| 250 | _aRep 2nd | ||
| 260 |
_aN. Delhi _bTextile Institute _c1995 |
||
| 300 | _a59 | ||
| 650 | _aB.Tech(TE) | ||
| 942 |
_2ddc _cBK |
||
| 999 |
_c5182 _d5182 |
||